| 000 -LEADER |
| fixed length control field |
00972pam a2200277 a 4500 |
| 001 - CONTROL NUMBER |
| control field |
3505169 |
| 005 - DATE AND TIME OF LATEST TRANSACTION |
| control field |
20201021121505.0 |
| 008 - FIXED-LENGTH DATA ELEMENTS--GENERAL INFORMATION |
| fixed length control field |
950330s1995 ne b 001 0 eng |
| 010 ## - LIBRARY OF CONGRESS CONTROL NUMBER |
| LC control number |
95015376 |
| 020 ## - INTERNATIONAL STANDARD BOOK NUMBER |
| International Standard Book Number |
9789027216038 |
| 040 ## - CATALOGING SOURCE |
| Original cataloging agency |
DLC |
| Transcribing agency |
DLC |
| Modifying agency |
DLC |
| 041 ## - LANGUAGE CODE |
| Language code of text/sound track or separate title |
eng |
| 043 ## - GEOGRAPHIC AREA CODE |
| Geographic area code |
n-us--- |
| 050 00 - LIBRARY OF CONGRESS CALL NUMBER |
| Classification number |
KF8725 |
| Item number |
.E39 1995 |
| 080 ## - UNIVERSAL DECIMAL CLASSIFICATION NUMBER |
| Universal Decimal Classification number |
347.9 E-21 |
| 100 1# - MAIN ENTRY--PERSONAL NAME |
| Personal name |
Edwards, Alicia Betsy. |
| 9 (RLIN) |
9631 |
| 245 14 - TITLE STATEMENT |
| Title |
The practice of court interpreting : |
| Statement of responsibility, etc. |
Alicia Betsy Edwards. |
| Remainder of title |
Volume 6 / |
| 264 ## - PRODUCTION, PUBLICATION, DISTRIBUTION, MANUFACTURE, AND COPYRIGHT NOTICE |
| Place of production, publication, distribution, manufacture |
Amsterdam : |
| Name of producer, publisher, distributor, manufacturer |
J. Benjamins Pub. Co., |
| Date of production, publication, distribution, manufacture, or copyright notice |
c1995. |
| 300 ## - PHYSICAL DESCRIPTION |
| Extent |
192 p. ; |
| Dimensions |
23 cm. |
| 440 #0 - SERIES STATEMENT/ADDED ENTRY--TITLE |
| Title |
Benjamins translation library ; |
| Volume/sequential designation |
v. 6 |
| 9 (RLIN) |
9632 |
| 504 ## - BIBLIOGRAPHY, ETC. NOTE |
| Bibliography, etc. note |
Includes bibliographical references (p. [161]-163) and index. |
| 650 #0 - SUBJECT ADDED ENTRY--TOPICAL TERM |
| Topical term or geographic name entry element |
Court interpreting and translating |
| Geographic subdivision |
United States. |
| 9 (RLIN) |
9633 |
| 653 ## - INDEX TERM--UNCONTROLLED |
| keyword |
სასამართლო ინტერპრეტაციის პრაქტიკა |
| 653 ## - INDEX TERM--UNCONTROLLED |
| keyword |
სამართალი |
| 942 ## - ADDED ENTRY ELEMENTS (KOHA) |
| Source of classification or shelving scheme |
|
| Koha item type |
წიგნი |